00630nam a2200169 a 450000100100000000500170001000800410002704000250006808200150009310000340010824500480014226000640019030000200025404900090027495201600028399900170044300003085720200930062543.0110602s1938 dr 000 0 spa d aDO-SdBNPbspacBNPHU axxxbS961v1 aSuriñach, Ramón A.95582310aVuelos de psiquis /cRamón A. Suriñach. aCiudad Trujillo, República Dominicana :bMaggiolo,c1938. a56 p. ;c20 cm. aBNPD 001050718RVaPDbPDcCTd2011-06-02iLF1l0oxxx S961vp30857-10r2020-06-25w2020-06-25y1zPerteneció a la colección Martínez BoogZNo se presta c30349d30349